Statistics for Eggman's Announcement (contains swearing)

Click here to take the quiz!

General Stats

  • This quiz has been taken 53 times
  • The average score is 105 of 184

Answer Stats

Answer% Correct
I
94%
a
91%
fuck
85%
He
82%
he
82%
the
82%
an
76%
MY
76%
my
76%
bitch
74%
fucking
71%
on
71%
piss
71%
PISS
71%
So
71%
so
71%
to
71%
ass
68%
motherfucker
68%
You
68%
you
68%
dick
65%
have
62%
hedgehog
62%
Hedgehog
62%
is
62%
make
62%
moon
62%
no
62%
of
62%
wife
62%
com
59%
go
59%
pissed
59%
too
59%
announcement
56%
now
56%
Obama
56%
Shadow
56%
this
56%
And
53%
and
53%
come
53%
out
53%
that
53%
All
50%
before
50%
do
50%
droplets
50%
Earth
50%
get
50%
How
50%
I've
50%
what
50%
his
47%
I'm
47%
it
47%
LASER
47%
pissing
47%
size
47%
small
47%
took
47%
walnut
47%
23
44%
big
44%
gonna
44%
hours
44%
idiot
44%
like
44%
not
44%
quills
44%
right
44%
SUPER
44%
was
44%
way
44%
balls
41%
dot
41%
fucked
41%
higher
41%
hit
41%
sight
41%
That's
41%
that's
41%
Twitter
41%
at
38%
disgusting
38%
except
38%
Except
38%
Hedgehog's
38%
It's
38%
said
38%
smaller
38%
bong
35%
dong
35%
guess
35%
look
35%
looks
35%
making
35%
quilly
35%
two
35%
baby
32%
got
32%
pillows
32%
post
32%
callout
29%
Here's
29%
points
29%

Score Distribution

Percentile by Number Answered

Percent of People with Each Score

Your Score History

You have not taken this quiz